| 000 | 00893nam a22002657a 4500 | ||
|---|---|---|---|
| 001 | BR8104387 | ||
| 003 | BR-BrBNA | ||
| 005 | 20230928091016.0 | ||
| 007 | ta | ||
| 008 | 230509b bl.||||| |||| 00| 0 por d | ||
| 040 |
_aBR-BrBNA _bpor _cBiblioteca Nacional de Agricultura |
||
| 041 | _a(Por) | ||
| 072 |
_aP12; P10; C00 _b/G514 |
||
| 090 | _ P12 BR8104387 | ||
| 110 | 1 |
_aEmpresa Brasileira de Assistencia Tecnica e Extensao Rural, Brasilia, DF _93797 |
|
| 245 | 1 | _aAcoes da Assistencia Tecnica e Extensao Rural na Regiao Nordeste em irrigacao e programas de emergencia e recursos hidricos. Realizados em 1980, programadas para 1981 [Brasil] | |
| 260 | 3 |
_aBrasilia, DF (Brasil): _c1981. |
|
| 300 | _a16 p. | ||
| 650 | _aIRRIGACAO | ||
| 650 | _aRECURSO HIDRICO | ||
| 650 | _aASSISTENCIA TECNICA | ||
| 650 | _aREGIAO NORDESTE | ||
| 909 |
_a202309 _bLucia _c55 _dLucia Elande |
||
| 942 | _cBK | ||
| 999 |
_c31731 _d31731 |
||